01015nam a2200301 i 4500001001000000003000900010005001700019007000300036008004100039040003000080041000800110082003000118110005600148245007300204264005000277300002800327336002700355337003300382338002800415590002600443650000900469650001000478650000900488910000700497942001400504952017800518999001700696000007024DO-SdBNP20251030102101.0ta251030s2010 dr 000 0 spa d aDO-SdBNPbspacBNPHUerda aspa a347.7293bR426c, 18832221 aRepública Dominicana.bMinisterio de Trabajo944710aCompendio de estadisticas laborales 2007-2010 República Dominicana aSanto Domingo :bMinisterio de Trabajo,c2010 a164 páginas ;c28 cm. ardacontentbtexto2txt ardamediabsin mediación2n ardacarrierbvolumen2nc aInventariado, 2025/DG 96943 911714 93033 aDG 2ddccLBS1 00102ddc51708PDaBNPHUbBNPHUcCTd2025-10-30edonaciónl0oBNPHU PD 347.7293 R426c, 1883p2025-12195r2025-10-30w2025-10-30yLBS1zConsejo Nacional de Competitividad c59987d59987